Direct Tax (Record no. 136002)

MARC details
000 -LEADER
fixed length control field 00569nam a22002057a 4500
003 - CONTROL NUMBER IDENTIFIER
control field OSt
005 - DATE AND TIME OF LATEST TRANSACTION
control field 20240215145941.0
008 - FIXED-LENGTH DATA ELEMENTS--GENERAL INFORMATION
fixed length control field 240215b |||||||| |||| 00| 0 eng d
020 ## - INTERNATIONAL STANDARD BOOK NUMBER
International Standard Book Number 978-9357-782005
040 ## - CATALOGING SOURCE
Transcribing agency sbcl
082 ## - DEWEY DECIMAL CLASSIFICATION NUMBER
Classification number 336.271 SIN-D
Item number 142260
100 ## - MAIN ENTRY--PERSONAL NAME
Personal name Singhania,Vinod. K and Singhania, Kapil
245 ## - TITLE STATEMENT
Title Direct Tax
Remainder of title Law and Practices
250 ## - EDITION STATEMENT
Edition statement 69
260 ## - PUBLICATION, DISTRIBUTION, ETC.
Place of publication, distribution, etc. New Delhi
Name of publisher, distributor, etc. Taxmann Publications
Date of publication, distribution, etc. June 2023
300 ## - PHYSICAL DESCRIPTION
Extent 1740p.
500 ## - GENERAL NOTE
General note With special reference to Tax planning
650 ## - SUBJECT ADDED ENTRY--TOPICAL TERM
Topical term or geographic name entry element Public finance
942 ## - ADDED ENTRY ELEMENTS (KOHA)
Koha item type BOOK
650 ## - SUBJECT ADDED ENTRY--TOPICAL TERM
Source of heading or term Economics
Holdings
Withdrawn status Lost status Source of classification or shelving scheme Damaged status Not for loan Home library Current library Date acquired Total Checkouts Full call number Barcode Shelving location Date last seen Date last checked out Cost, replacement price Price effective from Koha item type
    Dewey Decimal Classification     SB LIBRARY SB LIBRARY 15/02/2024 3 336.271 SIN-D 142260 MBA LIBRARY 11/03/2026 02/03/2026 2275.00 15/02/2024 BOOK

Powered by Koha